Quizzes
Events
Quiz Creation
Community
Videos
Private Events
Remove Ads
Sign In
Join for FREE
Feedback
Dark Mode
Quiz Categories
Sports
Geography
Music
Movies
Television
Just For Fun
Miscellaneous
History
Literature
Language
Science
Gaming
Entertainment
Religion
Holiday
For Kids
Quiz Lab
Recent
Popular Today
Quiz Kudos Today
Editor Picks
Curator Picks
Quizzes by...
Day
Popularity
Type
Ratings
Length
Year
Community
Subscriptions
Recent Discussions
Orange Saloon
Badges
Playlists
Quests
Create
Leaderboards
Showdown
Live 5
Trivia Bingo
Activity
Puzzle Library
Sporcle Events
Private Events
Virtual Trivia
Globe League
Become a Host
Pub Owners
SporcleCon
Opinionation
Our Games
Videos
Blog
Mobile Apps
Partnerships
Remove Ads and Go Orange
Feedback
Sports
Athletes
MLB
NBA
NHL
NFL
Soccer
Sports Teams
WWE
NCAA
Football
Premier League
Basketball
Baseball
Hockey
Golf
Tennis
Cricket
Rugby
Auto Racing
Olympics
World Cup
Sports
Athletes
MLB
NBA
NHL
NFL
Soccer
Sports Teams
WWE
NCAA
Football
Premier League
Basketball
Baseball
Hockey
Golf
Tennis
Cricket
Rugby
Auto Racing
Olympics
World Cup
Random Quiz
Search Sporcle
×
Quiz Lab
Quiz Lab
Sports
1990
Type in answers that appear in a list
Type in answers that appear in a list
Classic
Best Score? Go Orange.
Scotland footballers 1990s Stats
Can you name the Scotland footballers who were capped in the 1990s?
By
scottish1979
12m
88 Questions
1,723 Plays
1,723 Plays
1,723 Plays
Comments
Comments
Give Quiz Kudos
Give Quiz Kudos
-
- Ratings
hide this ad
More Info
Replay
Link that replays current quiz
Next Quiz
Link to next quiz in quiz playlist
You Got
0%
They Got
Avg Score
65%
Avg Friend Score
Upgrade to see
Score Distribution
Jump to the score distribution portion of the page
Score
0/88
Timer
12:00
0
Plays Today
Player
% Correct
Ally McCoist
95%
Jim Leighton
94.5%
Andy Goram
93.9%
Barry Ferguson
91.8%
Duncan Ferguson
91.6%
Ian Ferguson
91.4%
Colin Hendry
90%
John Collins
88.4%
Tom Boyd
87%
Gary McAllister
86.8%
Brian McAllister
86.1%
Gordon Durie
84%
Mo Johnston
83.5%
Allan Johnston
82.9%
Paul McStay
82.8%
Stuart McCall
81.7%
John Robertson
81%
David Robertson
81%
Craig Burley
80.9%
Richard Gough
80.9%
Alex McLeish
80.5%
Tosh McKinlay
79.2%
Billy McKinlay
79%
Kevin Gallacher
78.5%
Paul Lambert
78%
Davie Weir
77%
Colin Calderwood
76%
Darren Jackson
75.7%
Henry Smith
73.5%
Stewart McKimmie
73%
Player
% Correct
Neil Sullivan
72%
Gordon Strachan
71.9%
Eoin Jess
71.3%
Maurice Malpas
71.3%
Scott Booth
71.2%
Brian McClair
71%
Billy Dodds
70.6%
Christian Dailly
69.5%
Roy Aitken
69.1%
Dave McPherson
67.7%
Don Hutchison
67.3%
Jackie McNamara
67%
Ian Durrant
66.9%
Matt Elliott
66.2%
Neil McCann
65.4%
Pat Nevin
64.2%
Alan McLaren
64.1%
Simon Donnelly
62.7%
Alan McInally
62%
Jim McInally
62%
Nicky Walker
61.8%
Andy Walker
61.7%
Jim Bett
59.6%
Jonathan Gould
59.5%
John Spencer
59.2%
Davie Cooper
58.9%
Craig Levein
58.8%
Steve Nicol
58.5%
Derek Whyte
57.3%
John McGinlay
56.6%
Player
% Correct
Phil O'Donnell
55.8%
Scot Gemmill
55.1%
Murdo MacLeod
55.1%
Colin Cameron
54.7%
Keith Wright
54.1%
Stephen Wright
54.1%
Gary Gillespie
52.1%
Callum Davidson
51.5%
Bryan Gunn
50.7%
Steve Clarke
49.5%
Gordon Marshall
48.8%
Brian O'Neil
47.6%
Duncan Shearer
47.6%
Robert Fleck
47.4%
Mark Burchill
45.7%
Dave Bowman
44.2%
Stevie Crawford
43.9%
Brian Irvine
43.7%
Gary McSwegan
41.4%
Paul Ritchie
40.8%
David Hopkin
38.7%
Brian Martin
38.7%
Stephen Glass
38.2%
Robbie Winters
38.1%
Rab McKinnon
35.9%
Bobby Connor
35.3%
Mike Galloway
34%
Paul Bernard
31.9%
Quiz Playlist
Details
Report
Send in Message
Add To Playlist
More Info:
Players are listed in alphabetical order of surname.
Classic:
Type in answers that appear in a list
Quiz Source
Last Updated: Feb 16, 2017
Quiz Scoreboard
CHALLENGE
Sign Up to Join the Scoreboard
Show All
Scores
Hide
Comments
May contain spoilers
Recently Published
Movies - When Are They Set?
by FPL_Elf
Movies
5m
Popular People in 1961
by mucciniale
History
6m
1-10 Letter E Words III
by El_Dandy
Language
2m
More to Explore
Quiz From the Vault
Featured Blog Post
Where Did the Easter Bunny Come From?
hide this ad
You Might Also Like...
Tags
1990
Capped
Footballer
Player
Scotland
Today's Top Quizzes in Sports
Browse Sports
hide this ad
Today's Top Quizzes in 1990
Browse 1990
Top Contributed Quizzes in Sports
1
Les meilleurs buteurs des matchs entre le PSG et l’OM
2
FIFA Club World Cup Champions
3
Les entraîneurs de l'OM et du PSG au 21e siècle
4
2022 World Cup Stars
5
Name the Premier League winners with different clubs
6
La finale Lions - Afrique du Sud 2021
7
Criteria MLB: Left Handed Sluggers
8
Les joueurs passés par le LOSC et le RC Lens
9
Players with Multiple 50 Home Run Seasons
10
MLB Players with Two .350 Batting Average Seasons
Explore More
Trending Topics
Disney
NBA
Kpop
Crossword
Anime
Harry Potter
Marvel
Soccer
NFL
WWE
The Office
Country
Song
Pokémon
Puzzle
hide this ad
More By:
scottish1979
Quiz
Plays
Rating
Category
Featured
Created
Lord's Honours Board - England and MCC Batting
6,146
4.67
Sports
Jun 6, 2011
Cricketers with 100plus wickets 2000-09
4,878
4.25
Sports
Jan 22, 2010
Players who scored over 3000 ODI runs between 2000-09
3,889
4.45
Sports
Jan 22, 2010
Goalscorers in Champions League Final
2,586
4.78
Sports
Feb 12, 2010
Man of the match in England's home tests since 1980.
2,500
4.86
Sports
Jun 27, 2011
Go to Creator's Profile
Score Distribution
Quiz Creator Spotlight
scottish1979
Follow
Send a Message
Quizzes Created
-
Created Quiz Play Count
-
More By This Creator
Popular Quizzes Today
1
Find the US States - No Outlines Minefield
2
Find the Countries of Europe - No Outlines Minefield
3
The Countries of the World
4
Popular People in 1961
5
1-10 Letter E Words III
6
US States
7
Find the US States
8
One Thing in Common: World Cities II
More Sports Quizzes
College Basketball Broadcasters by Image
Published
Trending Quizzes
Risky Map Clicking: Least Populous States A-Z
1-10 Letter F Words
Humor Books: The Subtitles
1-10 Letter G Words
One Thing in Common: United Kingdom
Recently Updated
Leaping Animals
pecheneg
Reality TV Shows (A-Z)
bhenderson79
Rickey Henderson's Hall of Fame Teammates
pecheneg
Champions League XIs: Arsenal
pecheneg
Quick Pick: Celebrities in WWE's Hall of Fame
aduchscher
A-Z Keypad Blitz II
pecheneg
Multiple Oscar Actors
pecheneg
Mystery Phrase Blitz: Oscar 'Best Actors'
pecheneg
F. Scott Fitzgerald Novels
LTH
Pick 3 Villains
ddd62291
Trending Topics
Anime
Marvel
Crossword
Kpop
Disney
NBA
Harry Potter
Song
The Office
Soccer
Country
NFL
WWE
Puzzle
Pokémon
Your Account Isn't Verified!
In order to create a playlist on Sporcle, you need to verify the email address you used during registration. Go to your
Sporcle Settings
to finish the process.
Report this User
Report this user for behavior that violates our
Community Guidelines
.
Details:
Send Report
Go to the Sporcle.com Mobile Site →
Comments